000 00416nam a2200157Ia 4500
008 240729s9999 xx 000 0 und d
022 _a1521-0553
245 0 _aJournal of Investigative Surgery
260 _aUnited Kingdom
260 _bTaylor & Francis Group
650 _a Surgery
650 _aMedicine
856 _uhttps://doaj.org/toc/71029ad3bdef4a6887996674f20d863b
942 _2ddc
942 _cDOAJEJ
999 _c69067
_d69067
945 _a1
_bMadushi Gamage
_c1
_dMadushi Gamage